000 00277nam a22001217a 4500
008 180921b xxu||||| |||| 00| 0 eng d
041 _aeng
080 _a618
100 _a10
101 _aGJI
245 _aClinical Obstetrics And Gynecology
_cSoules,M,R
942 _2udc
_cBK
999 _c48152
_d48152